000
00346 a2200145 4500
999
_c
12240
_d
12240
003
OSt
005
20231229163632.0
008
231109b ||||| |||| 00| 0 eng d
020
_a
9788968010927
100
_a
Damdi
245
_a
Damdi Q&A Series 6:
_b
Roof protected open space
260
_b
Damdi
_c
2019
300
_a
154pages:
942
_2
ddc